banner-ar

Contemporary Classic Furniture / (Record no. 66535)

MARC details
000 -الفاتح
حقل البيانات ثابتة الطول 00538nam a2200217Ia 4500
005 - وقت وتاريخ اخر تعامل مع التسجيلة
رقم الضبط 20240530110924.0
008 - عناصر البيانات ثابتة الطول - معلومات عامة
حقل البيانات ثابتة الطول 140319s2001 sp ah f 000 0 eng d
020 ## - الرقم الدولى المعيارى للكتب
الرقم الدولى المعيارى للكتاب 8489861404
040 ## - مصدر الفهرسة
وكالة الفهرسة الأصلية GCL /
وكالة النسخ GCL
082 04 - رقم تصنيف ديوى العشرى
رقم التصنيف 749 /
رقم المادة B C
100 1# - المدخل الرئيسى - إسم شخصى
رمز الرابط Broto, Carles
245 10 - بيان العنوان
العنوان Contemporary Classic Furniture /
بيان المسئوليه,etc Carles Broto
260 ## - PUBLICATION, DISTRIBUTION, ETC. (IMPRINT)
تاريخ النشر أو التوزيع 2001.
300 ## - الوصف المادى
التعداد 32 CM ؛
أبعاد الوعاء 208 P
650 04 - المدخل الاضافى بالموضوع-مصطلح موضوعى
مصطلح موضوعي TABLES
650 04 - المدخل الاضافى بالموضوع-مصطلح موضوعى
مصطلح موضوعي FURNITURE
650 04 - المدخل الاضافى بالموضوع-مصطلح موضوعى
مصطلح موضوعي CHAIRS
650 04 - المدخل الاضافى بالموضوع-مصطلح موضوعى
مصطلح موضوعي BEDROOM FURNITURE
942 ## - عناصر المدخل الإضافي( كوها)
مصدر التصنيف او مخطط الترفيف Dewey Decimal Classification
Koha [default] item type كتاب
260 ## - PUBLICATION, DISTRIBUTION, ETC. (IMPRINT)
-- Spain :
-- Carles Broto;
Holdings
حالة التراجع حالة الفقد مصدر التصنيف او خطة الترفيف حالة تلف ليس للاعارة المكان المؤقت الموقع الحالى موقع الترفيف تاريخ الاكتساب اجمالي اﻻعارات رقم الطلب الباركود تاريخ اخر مشاهدة تاريخ تفعيل السعر نوع وعاء كوها
    ddc     مكتبة القاهرة الكبرى مكتبة القاهرة الكبرى   06/23/2022   749 / B C 168105 06/23/2022 06/23/2022 كتاب
    ddc     مكتبة القاهرة الكبرى مكتبة القاهرة الكبرى   06/23/2022   749 / B C 168106 06/23/2022 06/23/2022 كتاب

Powered By

EGPV